=LDR 00000nam 2200000 4500 =001 INLIS000000000054402 =005 20200123125141 =035 ##$$a 0010-0120000180 =007 ta =008 200123###########################0#ind## =020 ##$$a 978-602-0935-77-5 =082 ##$$a 297.418 =084 ##$$a 297.418 ASR h =100 #$$a Asrorun Ni'am Sholeh =245 1#$$a Hukum dan panduan khitan /$c Asrorun Ni'am Sholeh =260 ##$$a Jakarta :$b Emir,$c 2018 =300 ##$$a xiv, 119 hlm ; $c 20 Cm. =504 ##$$a Bib : hlm 111-114 =600 #4$$a Khitan dalam islam =990 ##$$a 07260726 =990 ##$$a 07260726 =990 ##$$a 07260726 =990 ##$$a 07260726 =990 ##$$a 61900856 =990 ##$$a 6202000726 =990 ##$$a 6202000727 =990 ##$$a 6202000728 =990 ##$$a 61900857 =990 ##$$a 6202000726 =990 ##$$a 6202000727 =990 ##$$a 61900856 =990 ##$$a 61900858 =990 ##$$a 6202000726 =990 ##$$a 61900857 =990 ##$$a 61900856 =990 ##$$a 61900859 =990 ##$$a 61900858 =990 ##$$a 61900857 =990 ##$$a 61900856 =990 ##$$a 61900856 =990 ##$$a 61900859 =990 ##$$a 61900858 =990 ##$$a 61900857 =990 ##$$a 61900857 =990 ##$$a 61900859 =990 ##$$a 61900858 =990 ##$$a 61900856 =990 ##$$a 61900858 =990 ##$$a 61900859 =990 ##$$a 61900857 =990 ##$$a 61900856 =990 ##$$a 61900859 =990 ##$$a 61900858 =990 ##$$a 61900857 =990 ##$$a 61900856